Handbook of research on multilingual education
Αποθηκεύτηκε σε:
| Άλλοι συγγραφείς: | , |
|---|---|
| Μορφή: | Βιβλίο |
| Γλώσσα: | English |
| Δημοσίευση: |
London :
MacMillan,
1995
|
| Θέματα: | |
| Ετικέτες: |
Προσθήκη ετικέτας
Δεν υπάρχουν, Καταχωρήστε ετικέτα πρώτοι!
|
MARC
| LEADER | 00000nam a2200000 i 4500 | ||
|---|---|---|---|
| 001 | 1/80636 | ||
| 008 | 990511s1995 eng d | ||
| 020 | |a 0-02-895797-0 | ||
| 035 | |l 10050684 | ||
| 040 | |a GR-MY-UA |b gre |e aacr | ||
| 041 | 0 | |a eng | |
| 082 | 0 | |a Π 370.196 | |
| 245 | 1 | 0 | |a Handbook of research on multilingual education / |c James A. Banks editor, Cherry A. McGee Banks associate editor |
| 260 | |a London : |b MacMillan, |c 1995 | ||
| 300 | |a 882 p. | ||
| 650 | 0 | 0 | |a Multicultural education |z United States |x Handbooks, manuals, etc. |
| 650 | 0 | 0 | |a Multicultural education |x Research |z United States |x Handbooks, manuals, etc. |
| 650 | 0 | 0 | |a Minorities |x Education |z United States |x Handbooks, manuals, etc. |
| 700 | 1 | |a Banks, James A. |4 edt | |
| 700 | 1 | |a Banks, Cherry A. McGee. |4 edt | |
| 852 | |a INST |b RHODES |e 19990511 |h 370.196 HAN |p 005400015213 |q 005400015213 |t REF |y 23 | ||
| 901 | |a BIBL4-1999-2 | ||
| 909 | |a Ρ |b 064882 |c 1999 | ||
| 922 | |a 4ΕΛΗ |b 199903 |d LEADER | ||